[Event "12th EUR-ch"]
[Site "Aix-les-Bains FRA"]
[Date "2011.04.02"]
[Round "11.35"]
[White "Salgado Lopez, Ivan"]
[Black "Esen, Baris"]
[Result "0-1"]
[WhiteElo "2630"]
[BlackElo "2528"]
[EventDate "2011.03.22"]
[PlyCount "96"]

1.d4 d5 2.c4 c6 3.Nf3 Nf6 4.Nc3 e6 5.Bg5 Nbd7 6.e3 Qa5 7.cxd5 Nxd5 8.Qd2 
Bb4 9.Rc1 O-O 10.Bd3 h6 11.Bh4 e5 12.a3 Bxc3 13.bxc3 exd4 14.cxd4 Qxa3 15.
O-O Re8 16.e4 Nf4 17.Bb1 Ng6 18.Bg3 a5 19.Qc2 Qb4 20.Bc7 a4 21.e5 Ndf8 22.
Ba2 Be6 23.Rb1 Qe7 24.Bd6 Qd7 25.Nd2 Bxa2 26.Qxa2 Nf4 27.Ne4 b5 28.Qd2 Qf5
29.f3 N8e6 30.Kh1 Red8 31.Rfc1 Ra6 32.Rb2 Nd5 33.Rbc2 Qf4 34.Qd3 Qe3 35.
Qd1 Qxd4 36.Rd2 Qe3 37.g3 a3 38.Rd3 Qa7 39.Ra1 a2 40.Qb3 Ra4 41.h4 Ra8 42.
Kh2 Rc4 43.Rd2 Ra4 44.Rd3 Rd4 45.Rxd4 Nxd4 46.Qd3 Qa4 47.Kh3 Nc2 48.Nc5 
Qc4 0-1

[Event "12th EUR-ch"]
[Site "Aix-les-Bains FRA"]
[Date "2011.04.02"]
[Round "11.36"]
[White "Jones, Gawain"]
[Black "Navara, David"]
[Result "1-0"]
[WhiteElo "2578"]
[BlackElo "2722"]
[EventDate "2011.03.22"]
[PlyCount "135"]

1.e4 c5 2.Nf3 e6 3.d3 b6 4.g3 Bb7 5.Bg2 d6 6.O-O Nf6 7.Nbd2 Be7 8.Re1 O-O 
9.c3 Nbd7 10.b3 b5 11.Bb2 Qb6 12.a3 Rfc8 13.Qc2 Ng4 14.c4 Bf6 15.cxb5 Qxb5
16.Nc4 Qa6 17.h3 Nge5 18.Nfxe5 Nxe5 19.Bxe5 Bxe5 20.Nxe5 dxe5 21.Rec1 Qd6 
22.Qd2 a5 23.a4 Qd4 24.Rc3 Rc7 25.Rac1 Ba6 26.Bf1 Qb4 27.Qg5 f6 28.Qe3 
Rac8 29.h4 Rc6 30.Qe2 Qb7 31.Qe3 Qe7 32.R3c2 Kf8 33.Qd2 Qd8 34.Qe3 Qd4 35.
Qd2 Qd8 36.Qe3 Qb6 37.Rc3 h6 38.Qe2 Qa7 39.h5 R8c7 40.Qg4 Qb8 41.Qe2 Ke7 
42.Qe3 Qb4 43.Be2 Kd6 44.Qd2 Rb7 45.Qc2 Qd4 46.Rc4 Bxc4 47.dxc4 Rcb6 48.
Rd1 Rxb3 49.Rxd4+ exd4 50.e5+ Kxe5 51.Bf3 d3 52.Qd2 Kd4 53.Qf4+ Kc3 54.
Qc1+ Kd4 55.Qf4+ Kc3 56.Qc1+ Kd4 57.Qa1+ Kxc4 58.Qc1+ Kd4 59.Qf4+ Kc3 60.
Qc1+ Kd4 61.Qe3+ Kc3 62.Qxc5+ Kd2 63.Bxb7 Rxb7 64.Qxa5+ Ke2 65.Qa6 Rb1+ 
66.Kg2 e5 67.Qc4 Ra1 68.g4 1-0

[Event "12th EUR-ch"]
[Site "Aix-les-Bains FRA"]
[Date "2011.04.02"]
[Round "11.37"]
[White "Ter-Sahakyan, Samvel"]
[Black "Sargissian, Gabriel"]
[Result "1-0"]
[WhiteElo "2575"]
[BlackElo "2676"]
[EventDate "2011.03.22"]
[PlyCount "77"]

1.e4 c6 2.d4 d5 3.exd5 cxd5 4.c4 Nf6 5.Nc3 e6 6.Nf3 Bb4 7.cxd5 Nxd5 8.Bd2 
Nc6 9.Bd3 Nf6 10.O-O O-O 11.Bg5 Be7 12.Re1 h6 13.Bh4 b6 14.Ne5 Nxd4 15.Qa4
g5 16.Bg3 Bc5 17.b4 Bd6 18.Rad1 Bb7 19.b5 Bc5 20.Nc6 Bxc6 21.bxc6 Nd5 22.
Nxd5 Qxd5 23.c7 Rac8 24.Be4 b5 25.Bxd5 bxa4 26.Bb7 Bb6 27.Be5 Nb5 28.Bxc8 
Rxc8 29.Rb1 a6 30.Rec1 a3 31.h3 f6 32.Bxf6 Rxc7 33.Rxc7 Bxc7 34.Rc1 Kf7 
35.Ba1 Bd8 36.Rc6 a5 37.Be5 Ke7 38.Rc5 Nd6 39.Bxd6+ 1-0

[Event "12th EUR-ch"]
[Site "Aix-les-Bains FRA"]
[Date "2011.04.02"]
[Round "11.38"]
[White "Jaracz, Pawel"]
[Black "Grachev, Boris"]
[Result "1/2-1/2"]
[WhiteElo "2565"]
[BlackElo "2675"]
[EventDate "2011.03.22"]
[PlyCount "23"]

1.e4 c5 2.Nf3 e6 3.d4 cxd4 4.Nxd4 Nc6 5.Nc3 Qc7 6.Be2 Nf6 7.Be3 Be7 8.f4 
d6 9.Qd2 O-O 10.O-O-O Nxd4 11.Qxd4 a6 12.g4 1/2-1/2

[Event "12th EUR-ch"]
[Site "Aix-les-Bains FRA"]
[Date "2011.04.02"]
[Round "11.39"]
[White "Nisipeanu, Liviu-Dieter"]
[Black "Maze, Sebastien"]
[Result "1/2-1/2"]
[WhiteElo "2673"]
[BlackElo "2559"]
[EventDate "2011.03.22"]
[PlyCount "75"]

1.c4 Nf6 2.Nc3 g6 3.e4 d6 4.g3 Bg7 5.Bg2 c5 6.Nge2 Nc6 7.O-O O-O 8.d3 Ne8 
9.Be3 Nc7 10.d4 cxd4 11.Nxd4 Ne6 12.Nde2 Nc5 13.h3 Be6 14.b3 a5 15.f4 a4 
16.f5 Bd7 17.f6 Bh8 18.fxe7 Qxe7 19.Nd5 Qd8 20.b4 Ne6 21.Rc1 Ne5 22.Nb6 
Rb8 23.Qxd6 Bc6 24.Qxd8 Rfxd8 25.Rcd1 a3 26.Nf4 Rxd1 27.Rxd1 Rd8 28.Nfd5 
Be8 29.Bg5 Nxg5 30.Ne7+ Kf8 31.Rxd8 Kxe7 32.Rb8 Nc6 33.Rxb7+ Kd8 34.b5 
Bd4+ 35.Kh2 Na5 36.Rb8+ Kc7 37.Rxe8 Kxb6 38.Rc8 1/2-1/2

[Event "12th EUR-ch"]
[Site "Aix-les-Bains FRA"]
[Date "2011.04.02"]
[Round "11.41"]
[White "Kovchan, Alexander"]
[Black "Zvjaginsev, Vadim"]
[Result "1/2-1/2"]
[WhiteElo "2563"]
[BlackElo "2663"]
[EventDate "2011.03.22"]
[PlyCount "27"]

1.e4 e5 2.Nf3 Nc6 3.Nc3 Nf6 4.d4 exd4 5.Nxd4 Bb4 6.Nxc6 bxc6 7.Bd3 d5 8.
exd5 cxd5 9.O-O O-O 10.Bg5 c6 11.Qf3 h6 12.Bxf6 Qxf6 13.Qxf6 gxf6 14.Ne2 
1/2-1/2

[Event "12th EUR-ch"]
[Site "Aix-les-Bains FRA"]
[Date "2011.04.02"]
[Round "11.42"]
[White "Fedorchuk, Sergei"]
[Black "Swiercz, Dariusz"]
[Result "1-0"]
[WhiteElo "2662"]
[BlackElo "2557"]
[EventDate "2011.03.22"]
[PlyCount "91"]

1.e4 c5 2.Nf3 d6 3.d4 cxd4 4.Nxd4 Nf6 5.Nc3 a6 6.h3 e6 7.g4 Be7 8.Bg2 Nfd7
9.Qe2 Nc6 10.Be3 O-O 11.O-O-O Qc7 12.f4 Rb8 13.g5 Nxd4 14.Rxd4 b5 15.f5 b4
16.Nd1 Ne5 17.Rf1 f6 18.h4 fxg5 19.Bxg5 Bxg5+ 20.hxg5 exf5 21.exf5 Bxf5 
22.Bd5+ Kh8 23.Rdf4 g6 24.Be6 Qe7 25.Bxf5 Qxg5 26.Ne3 gxf5 27.Kb1 Rbe8 28.
Rxf5 Rxf5 29.Nxf5 Rf8 30.Qxa6 Qg2 31.Rc1 Qc6 32.Qxc6 Nxc6 33.Nxd6 Rf6 34.
Ne4 Rf4 35.Ng3 Rf3 36.Rg1 Ne5 37.b3 Nc6 38.Kb2 Nd4 39.Rg2 Nb5 40.Ne2 Re3 
41.Nf4 Nc7 42.Rg4 Rf3 43.Nd3 Nd5 44.Rd4 Nf6 45.Rxb4 h5 46.a4 1-0

[Event "12th EUR-ch"]
[Site "Aix-les-Bains FRA"]
[Date "2011.04.02"]
[Round "11.43"]
[White "Sedlak, Nikola"]
[Black "Khismatullin, Denis"]
[Result "1/2-1/2"]
[WhiteElo "2556"]
[BlackElo "2662"]
[EventDate "2011.03.22"]
[PlyCount "93"]

1.d4 Nf6 2.Bg5 e6 3.Nd2 c5 4.e3 cxd4 5.exd4 Be7 6.Ngf3 b6 7.Bxf6 Bxf6 8.
Bd3 Na6 9.c3 Nc7 10.h4 Be7 11.Ne5 Bb7 12.Qh5 g6 13.Bxg6 fxg6 14.Nxg6 hxg6 
15.Qxh8+ Bf8 16.h5 Qg5 17.h6 O-O-O 18.h7 Nd5 19.Qe5 Qxe5+ 20.dxe5 Bg7 21.
Nc4 Kc7 22.Nd6 Rf8 23.Nxb7 Kxb7 24.O-O-O Kc7 25.f4 b5 26.g3 Kd8 27.Kd2 Ke7
28.a4 bxa4 29.c4 Nb6 30.c5 Nc4+ 31.Kc3 Ne3 32.Rd4 Nf5 33.Rxa4 Nxg3 34.Rd1 
Ne2+ 35.Kc2 Nxf4 36.c6 Nd5 37.Rxa7 Rd8 38.Kb3 Rb8+ 39.Ka3 Bxe5 40.Rxd7+ 
Kf6 41.Rb7 Ra8+ 42.Kb3 g5 43.Rh1 Kf5 44.Rh6 Rf8 45.Rh1 Rc8 46.Rh6 Rf8 47.
Rh1 1/2-1/2

[Event "12th EUR-ch"]
[Site "Aix-les-Bains FRA"]
[Date "2011.04.02"]
[Round "11.44"]
[White "Nyback, Tomi"]
[Black "Mastrovasilis, Athanasios"]
[Result "1-0"]
[WhiteElo "2656"]
[BlackElo "2547"]
[EventDate "2011.03.22"]
[PlyCount "75"]

1.Nf3 Nf6 2.c4 b6 3.g3 Bb7 4.d4 e6 5.Bg2 c5 6.d5 exd5 7.Nh4 g6 8.Nc3 Bg7 
9.O-O Na6 10.Bf4 O-O 11.Bd6 Re8 12.cxd5 b5 13.Nxb5 Qb6 14.a4 Ne4 15.Bf4 d6
16.Ra3 Nb4 17.Re3 f5 18.Bxe4 Rxe4 19.Rxe4 fxe4 20.Bxd6 Bxd5 21.Qc1 Rc8 22.
Bf4 a6 23.Nc3 Bb7 24.Rd1 Bd4 25.Nxe4 c4 26.Nf3 Bxb2 27.Qxb2 Bxe4 28.Ng5 
Ba8 29.Qe5 Qc6 30.f3 Re8 31.Qd4 Rxe2 32.Qa7 Bb7 33.Rd8+ Kg7 34.Qd4+ Kh6 
35.Nf7+ Kh5 36.g4+ Kh4 37.Bg3+ Kh3 38.Ng5# 1-0

[Event "12th EUR-ch"]
[Site "Aix-les-Bains FRA"]
[Date "2011.04.02"]
[Round "11.45"]
[White "Safarli, Eltaj"]
[Black "Markos, Jan"]
[Result "1/2-1/2"]
[WhiteElo "2628"]
[BlackElo "2546"]
[EventDate "2011.03.22"]
[PlyCount "118"]

1.e4 c5 2.Nf3 Nc6 3.Bb5 d6 4.O-O Bd7 5.c3 Nf6 6.Re1 a6 7.Ba4 b5 8.Bc2 e5 
9.h3 Be7 10.d4 O-O 11.d5 Na5 12.Nxe5 dxe5 13.d6 Be6 14.dxe7 Qxe7 15.Qf3 
Rfd8 16.Nd2 Nd7 17.Nf1 Qf6 18.Qg3 Qg6 19.Qh4 h6 20.Ne3 Qg5 21.Qxg5 hxg5 
22.b3 f6 23.Ba3 Nb7 24.Red1 Nb6 25.Bd3 Rd7 26.c4 b4 27.Bc1 a5 28.Nd5 Bxd5 
29.cxd5 Nd6 30.Be3 c4 31.Bxb6 cxd3 32.f3 f5 33.exf5 Nc8 34.Be3 Rxd5 35.
Rac1 Nd6 36.Rc5 Rxc5 37.Bxc5 Nxf5 38.Rxd3 Rc8 39.Bb6 Rc1+ 40.Kh2 Rc2 41.
Bxa5 Nh4 42.Bxb4 Rxg2+ 43.Kh1 Rxa2 44.Bc3 Ng6 45.Re3 Ra3 46.Bxe5 Nxe5 47.
Rxe5 Rxb3 48.Kg2 Kf7 49.Rxg5 Kf6 50.h4 Rb4 51.Kg3 Ra4 52.Rg4 Ra1 53.Rb4 
Kg6 54.Rb6+ Kh5 55.Rb5+ Kg6 56.Kg4 Rg1+ 57.Kf4 Rh1 58.Rg5+ Kf6 59.Kg4 Rg1+
1/2-1/2

[Event "12th EUR-ch"]
[Site "Aix-les-Bains FRA"]
[Date "2011.04.02"]
[Round "11.46"]
[White "L'Ami, Erwin"]
[Black "Rapport, Richard"]
[Result "0-1"]
[WhiteElo "2623"]
[BlackElo "2540"]
[EventDate "2011.03.22"]
[PlyCount "76"]

1.d4 Nf6 2.c4 g6 3.Nf3 Bg7 4.g3 O-O 5.Bg2 c5 6.O-O Nc6 7.Nc3 d6 8.d5 Na5 
9.Nd2 a6 10.Qc2 Rb8 11.a4 e5 12.b3 h5 13.e4 h4 14.Bb2 Bh6 15.Nf3 hxg3 16.
hxg3 Ng4 17.Nh2 Nxh2 18.Kxh2 Qg5 19.Bc1 Qh5+ 20.Kg1 Bxc1 21.Raxc1 Kg7 22.
Rb1 Rh8 23.f3 Qh2+ 24.Kf2 Bh3 25.Rg1 f5 26.Qd2 Rbf8 27.Qg5 Rf6 28.exf5 Rh5
29.Qxf6+ Kxf6 30.Ne4+ Kg7 31.f6+ Kf8 32.Nxd6 Bxg2 33.Rxg2 Qh3 34.g4 Rh7 
35.Ne4 Qh6 36.Ke2 Qf4 37.Nxc5 Kg8 38.Rd1 Nxb3 0-1

[Event "12th EUR-ch"]
[Site "Aix-les-Bains FRA"]
[Date "2011.04.02"]
[Round "11.47"]
[White "Le Roux, Jean-Pierre"]
[Black "Popov, Ivan"]
[Result "0-1"]
[WhiteElo "2538"]
[BlackElo "2613"]
[EventDate "2011.03.22"]
[PlyCount "54"]

1.d4 c5 2.d5 d6 3.e4 g6 4.Be2 Bg7 5.Nf3 Nf6 6.Nc3 O-O 7.O-O e6 8.dxe6 Bxe6
9.Ng5 Nc6 10.f4 Nd4 11.f5 gxf5 12.Bd3 Bd7 13.Nd5 h6 14.Nh3 fxe4 15.Nxf6+ 
Bxf6 16.Bxe4 d5 17.Bf3 Bxh3 18.gxh3 Bg5 19.Kh1 Kh8 20.b4 Bxc1 21.Rxc1 Nxf3
22.Qxf3 cxb4 23.Rcd1 Rc8 24.Rxd5 Qb6 25.Qf4 Qc6 26.Qd4+ f6 27.Rd1 Rfd8 0-1

[Event "12th EUR-ch"]
[Site "Aix-les-Bains FRA"]
[Date "2011.04.02"]
[Round "11.48"]
[White "Grigoryan, Avetik"]
[Black "Apicella, Manuel"]
[Result "1-0"]
[WhiteElo "2608"]
[BlackElo "2531"]
[EventDate "2011.03.22"]
[PlyCount "65"]

1.e4 e6 2.d4 d5 3.Nc3 Bb4 4.e5 Ne7 5.a3 Bxc3+ 6.bxc3 c5 7.Qg4 O-O 8.Bd3 
Nbc6 9.Qh5 Ng6 10.Nf3 Qc7 11.Be3 c4 12.Bxg6 fxg6 13.Qg4 Qf7 14.Ng5 Qe8 15.
h4 h6 16.Nh3 Bd7 17.Qe2 b5 18.g4 a5 19.h5 gxh5 20.g5 hxg5 21.Nxg5 g6 22.
Kd2 b4 23.Rag1 bxc3+ 24.Kxc3 Rf5 25.Nf3 Rb8 26.Nh4 Qe7 27.Rxg6+ Kf7 28.
Rg7+ Kxg7 29.Nxf5+ exf5 30.Qxh5 Qxa3+ 31.Kd2 c3+ 32.Ke2 Nxd4+ 33.Bxd4 1-0

[Event "12th EUR-ch"]
[Site "Aix-les-Bains FRA"]
[Date "2011.04.02"]
[Round "11.49"]
[White "Dubov, Daniil"]
[Black "Balogh, Csaba"]
[Result "0-1"]
[WhiteElo "2489"]
[BlackElo "2601"]
[EventDate "2011.03.22"]
[PlyCount "85"]

1.d4 d5 2.c4 c6 3.Nc3 dxc4 4.e4 b5 5.a4 b4 6.Nce2 e6 7.Nf3 Ba6 8.Ng3 c5 9.
Be3 cxd4 10.Nxd4 Nd7 11.Nb5 Bxb5 12.axb5 Bc5 13.Bxc5 Nxc5 14.Qc2 Nd7 15.
Qd1 Nc5 16.Qc2 c3 17.bxc3 b3 18.Qb2 Nf6 19.Rd1 Qa5 20.Ra1 Qc7 21.Be2 h5 
22.h4 Qf4 23.b6 a5 24.b7 Ra7 25.Qa3 Nfd7 26.O-O O-O 27.Bb5 a4 28.Rfd1 Rxb7
29.Bxd7 Rxd7 30.Rxd7 Nxd7 31.Qxa4 Nc5 32.Qb4 Rc8 33.Rd1 Qxh4 34.Rd4 Qf4 
35.Qa3 h4 36.Ne2 Qg4 37.f3 Qg5 38.Kf2 Rb8 39.Qa7 Rb7 40.Qa8+ Kh7 41.f4 Qg4
42.Qa1 f5 43.Qd1 0-1

[Event "12th EUR-ch"]
[Site "Aix-les-Bains FRA"]
[Date "2011.04.02"]
[Round "11.50"]
[White "Reinderman, Dimitri"]
[Black "Muzychuk, Anna"]
[Result "1-0"]
[WhiteElo "2601"]
[BlackElo "2528"]
[EventDate "2011.03.22"]
[PlyCount "97"]

1.c4 f5 2.g3 Nf6 3.Nc3 g6 4.Bg2 Bg7 5.d4 d6 6.Nf3 O-O 7.O-O Qe8 8.Re1 Qf7 
9.e4 fxe4 10.Nxe4 Nc6 11.Neg5 Qxc4 12.Bf1 Qd5 13.b3 Qf5 14.Bd3 Qg4 15.h3 
Qd7 16.Ne6 Qxe6 17.Rxe6 Bxe6 18.Ng5 Bd7 19.Be3 Nb4 20.Bc4+ Nbd5 21.Ne4 e6 
22.Nxf6+ Rxf6 23.Bxd5 exd5 24.g4 Re8 25.Rc1 c6 26.Kg2 h5 27.gxh5 Bf5 28.h6
Rxe3 29.fxe3 Bxh6 30.Qe2 Re6 31.Rc3 c5 32.Qf2 b5 33.b4 c4 34.Ra3 Re7 35.
Qg3 Rd7 36.Kf2 Kf7 37.Ra6 Bf8 38.Rc6 Be7 39.Ke2 Rd8 40.Rc7 Ke6 41.Rxa7 Rh8
42.Ra6 Kd7 43.h4 c3 44.e4 dxe4 45.Ra7+ Ke6 46.d5+ Kf7 47.Qxd6 Re8 48.Qc5 
e3 49.d6 1-0